Sú naše potraviny bezpečné?
Skúsenosti s uplatňovaním potravinového dozoru a jeho výsledky za rok 2006. Kontrola potravín rastlinného pôvodu dovážaných z tretích krajín. Monitoring výskytu benzénu v nealkoholických nápojoch. Kontroly rezíduí pesticídov v potravinách rastlinného pôvodu. Kontroly dioxínov v potravinách a surovin...
Gespeichert in:
| 1. Verfasser: | |
|---|---|
| Format: | Buchkapitel |
| Sprache: | Slowakisch |
| Schlagworte: | |
| Tags: |
Keine Tags, Fügen Sie das erste Tag hinzu!
|
MARC
| LEADER | 00000naa$a2200000$$$4500 | ||
|---|---|---|---|
| 001 | 0058370 | ||
| 005 | 20231108141724.1 | ||
| 041 | 0 | |a slo | |
| 044 | |a SK | ||
| 245 | 1 | 0 | |a Sú naše potraviny bezpečné? |c Jozef Bíreš |
| 520 | |a Skúsenosti s uplatňovaním potravinového dozoru a jeho výsledky za rok 2006. Kontrola potravín rastlinného pôvodu dovážaných z tretích krajín. Monitoring výskytu benzénu v nealkoholických nápojoch. Kontroly rezíduí pesticídov v potravinách rastlinného pôvodu. Kontroly dioxínov v potravinách a surovinách živočíšneho a rastlinného pôvodu. Kontrola biopotravín. Kontrola v zmysle zákona NR SR č. 147/2001 Z.z. o reklame. | ||
| 610 | 2 | 0 | |a bezpečnosť potravinová |
| 610 | 2 | 0 | |a dozor potravinový |
| 610 | 2 | 0 | |a potraviny |
| 610 | 2 | 0 | |a kontrola |
| 610 | 2 | 0 | |a kontrola kvality |
| 610 | 2 | 0 | |a látky nebezpečné |
| 610 | 2 | 0 | |a bioprodukty |
| 610 | 2 | 0 | |a zákony |
| 610 | 2 | 0 | |a Slovensko |
| 100 | 1 | |a Bíreš, Jozef | |